ბათუმის შოთა რუსთაველის სახელმწიფო უნივერსიტეტის ბიბლიოთეკა

ნიკოლოზ ბარათაშვილის ცხოვრება და ესთეტიკური სამყარო / (ბიბ.ჩანაწერი № 52996)

000 -ლიდერი
ფიქსირებული სიგრძის საკონტროლო ველი 01514nam a2200277Ia 4500
001 - საკონტროლო ნომერი
საკონტროლო ველი 20027
003 - საკონტროლო ნომრის იდენტიფიკატორი
საკონტროლო ველი GE_BSU
005 - ბოლო ოპერაციის თარიღი და დრო
საკონტროლო ველი 20250326101934.0
008 - ფიქსირებული სიგრძის მონაცემთა ელემენტები - ზოგადი ინფორმაცია
ფიქსირებული სიგრძის საკონტროლო ველი 181216s2010||||ge |||||||||||||| ||geo||
020 ## - წიგნის საერთაშორისო სტანდარტული ნომერი
International Standard Book Number 978-9941-0-2531-0
040 ## - კატალოგიზაციის წყარო
Transcribing agency GE_BSU
041 ## - ენის კოდი
Language code of text/sound track or separate title geo
080 ## - უნივერსალური ათობითი კლასიფიკაციის ინდექსი
Universal Decimal Classification number 821.353.1.09-1 ნ-16
100 ## - მთავარი ჩანაწერი - პიროვნების სახელი
Personal name ნადირაძე, გიორგი (1902-1960)
9 (RLIN) 24677
245 ## - ცნობა სათაურის შესახებ
Title ნიკოლოზ ბარათაშვილის ცხოვრება და ესთეტიკური სამყარო /
Statement of responsibility, etc გ. ნადირაძე ; [რედ. თარხუჯ ჯავახიშვილი] ; ქართ. ლიტერატურის ინ-ტი.
250 ## - გამოცემის ცნობა
Edition statement მე-2 გამოც.
264 ## - წარმოების, გამოცემის, დისტრიბუციის და სხვა ცნობები
გამოცემის, წარმოების, დისტრიბუციის... ადგილი თბილისი :
გამოცემის, წარმოების, დისტრიბუციის... სახელწოდება საარი,
გამოცემის, წარმოების, დისტრიბუციის... თარიღი 2010.
300 ## - ფიზიკური აღწერა
Extent 152 გვ. :
Other physical details ნახ. ;
Dimensions 20 სმ.
520 ## - SUMMARY, ETC.
Summary, etc წიგნში გამოყენებულია ლადო გუდიაშვილის ნახატები
653 ## - INDEX TERM--UNCONTROLLED
Uncontrolled term ნიკოლოზ ბარათაშვილის ცხოვრება და ესთეტიკური სამყარო
653 ## - INDEX TERM--UNCONTROLLED
Uncontrolled term ქართული პოეზიის ისტორია და კრიტიკა
700 ## - ADDED ENTRY--PERSONAL NAME
Personal name ჯავახიშვილი, თარხუჯ
Relator term რედაქტორი
9 (RLIN) 6766
710 ## - ADDED ENTRY--CORPORATE NAME
Corporate name or jurisdiction name as entry element ქართ. ლიტერატურის ინ-ტი
9 (RLIN) 3979
942 ## - ADDED ENTRY ELEMENTS (KOHA)
Koha item type წიგნი
Source of classification or shelving scheme
ეგზემპლარები
ჩამოწერის სტატუსი დაკარგული ეგზემპლარის სტატუსი კლასიფიკაციის წყარო ან თაროზე გაწყობის სქემა დაზიანების სტატუსი არ გაიცემა მუდმივი მდებარეობა (დაცვის ადგილი) ამჟამინდელი ადგილსამყოფელი თაროზე განთავსების ადგილი შეძენის თარიღი ღირებულება, შესყიდვის ნორმალური ფასი სრული შენახვის შიფრი შტრიხკოდი ბოლო ოპერაციის თარიღი ეგზემპლარის მიმდევრობითი ნომერი (კეტერი?) ფასის ძალაში შესვლის თარიღი ეგზემპლარის სახეობა საჯარო შენიშვნა
          ბათუმის შოთა რუსთაველის სახელმწიფო უნივერსიტეტის მთავარი ბიბლიოთეკა ბათუმის შოთა რუსთაველის სახელმწიფო უნივერსიტეტის მთავარი ბიბლიოთეკა წიგნსაცავი 2018-12-17 6.00 821.353.1.09-1 ნ-16 27829 2018-12-17 27829 2018-12-17 წიგნი 6.00 ₾.
          ბათუმის შოთა რუსთაველის სახელმწიფო უნივერსიტეტის მთავარი ბიბლიოთეკა ბათუმის შოთა რუსთაველის სახელმწიფო უნივერსიტეტის მთავარი ბიბლიოთეკა წიგნსაცავი 2018-12-17 6.00 821.353.1.09-1 ნ-16 27828 2018-12-17 27828 2018-12-17 წიგნი 6.00 ₾.